Central Library OPAC University of Rajshahi

A textbook of international relations : (Record no. 59619)

MARC details
000 -LEADER
fixed length control field 00910nam a2200265 a 4500
001 - CONTROL NUMBER
control field 59619
003 - CONTROL NUMBER IDENTIFIER
rucl marc code BD-RjUL
005 - DATE AND TIME OF LATEST TRANSACTION
control field 20211209080742.0
008 - FIXED-LENGTH DATA ELEMENTS--GENERAL INFORMATION
fixed length control field 161226s1978 ii b 001 0 eng d
020 ## - INTERNATIONAL STANDARD BOOK NUMBER
International Standard Book Number 333906403
035 ## - SYSTEM CONTROL NUMBER
System control number (BD-RjUL )59743
040 ## - CATALOGING SOURCE
Original cataloging agency CU-S
Transcribing agency CU-S
Modifying agency BD-RjUL
-- BD-RjUL
Language of cataloging eng
041 ## - LANGUAGE CODE
Language code of text/sound track or separate title eng
082 ## - DEWEY DECIMAL CLASSIFICATION NUMBER
Edition number 23
Classification number 327.54
Author mark and year NAT 1978
100 1# - MAIN ENTRY--PERSONAL NAME
Personal name Naik, J. A.
9 (RLIN) 177344
245 12 - TITLE STATEMENT
Title A textbook of international relations :
Remainder of title a study of India and the Third World /
Statement of responsibility, etc. J.A. Naik.
260 ## - PUBLICATION, DISTRIBUTION, ETC. (IMPRINT)
Place of publication, distribution, etc. Delhi :
Name of publisher, distributor, etc. Macmillan Company of India,
Date of publication, distribution, etc. 1978.
300 ## - PHYSICAL DESCRIPTION
Pagination 178 p. ;
Size 22 cm.
504 ## - BIBLIOGRAPHY, ETC. NOTE
Bibliography, etc Includes bibliographical references and index.
650 #0 - SUBJECT ADDED ENTRY--TOPICAL TERM
Topical term or geographic name as entry element International relations.
9 (RLIN) 172346
Topical term or geographic name as entry element Pacific settlement of international disputes.
9 (RLIN) 177345
Topical term or geographic name as entry element Pacific settlement of international disputes
Geographic subdivision India.
9 (RLIN) 177346
651 #0 - SUBJECT ADDED ENTRY--GEOGRAPHIC NAME
Geographic name India
General subdivision Foreign relations.
9 (RLIN) 172449
942 ## - ADDED ENTRY ELEMENTS (KOHA)
Source of classification or shelving scheme Dewey Decimal Classification
Koha item type Books
Holdings
Lost status Source of classification or shelving scheme Damaged status Not for loan Collection code Permanent Location Current Location Shelving location Date acquired Source of acquisition Cost, normal purchase price Total Checkouts Full call number Date last seen Copy number Koha item type
  Dewey Decimal Classification   Not For Loan Non-fiction Central Library, University of Rajshahi Central Library, University of Rajshahi Reading Room 23/05/1980 India international, kolcutta 16.95   327.54 NAT 1978 26/12/2016 C-1 Books